| 000 | 00347nam a22001577a 4500 | ||
|---|---|---|---|
| 003 | SGT | ||
| 020 | _a9789389859782 | ||
| 082 |
_a618.1 _bE21S |
||
| 100 | _aSESHADRI, LAKSHMI | ||
| 245 | _aESSENTIALS OF OBESTETRICS | ||
| 250 | _a2ND | ||
| 260 |
_aINDIA _bWOLTERS KUWER PUB _c2021 |
||
| 300 | _a836 | ||
| 650 | _aOBSTETRICS | ||
| 942 |
_2ddc _cBK _06 |
||
| 999 |
_c21940 _d21940 |
||